[Event "Graz op"]
[Site "Graz"]
[Date "1997.??.??"]
[Round "7"]
[White "Baklan, Vladimir"]
[Black "Loebler, Heimo"]
[Result "1-0"]
[WhiteElo "2570"]
[BlackElo "2255"]

1.e4 c5 2.Nf3 Nc6 3.Bb5 e6 4.O-O Nge7 5.c3 a6 6.Ba4 c4 7.Bc2 Ng6 8.b3 d5
9.exd5 Qxd5 10.Re1 cxb3 11.axb3 Bd6 12.d4 O-O 13.Nbd2 Qh5 14.Ne4 Bf4 15.Ng3 Qh6
16.Be4 Bxc1 17.Rxc1 Bd7 18.Nf1 Rab8 19.Ne3 f5 20.Bb1 Kh8 21.Nc4 Nf4 22.Nb2 Rf6
23.Nd3 Be8 24.Qd2 Nh3+ 25.gxh3 Rg6+ 26.Kf1 Qxh3+ 27.Ke2 Rg4 28.Nc5 Bh5 29.Qe3 Ne7
30.Kd2 Nd5 31.Qe5 Rg8 32.Ng1 Qg2 33.Nd3 Bg6 34.Re2 Re4 35.Qg3 Rxe2+ 36.Nxe2 Qe4
37.Ne5 f4 38.Bxe4 fxg3 39.Bxg6 hxg6 40.hxg3  1-0

[Event "Groningen op"]
[Site "Groningen"]
[Date "1997.??.??"]
[Round "4"]
[White "Skripchenko, Almira"]
[Black "Van Rijn, Wouter"]
[Result "1-0"]
[WhiteElo "2385"]
[BlackElo "2235"]

1.e4 c5 2.Nf3 Nc6 3.Bb5 g6 4.Bxc6 dxc6 5.d3 Bg7 6.Nc3 Nf6 7.h3 Be6 8.Qe2 O-O
9.Be3 b6 10.Ng5 Bc8 11.f4 Nh5 12.Qf2 e5 13.f5 Bh6 14.Nf3 Bxe3 15.Qxe3 Nf4
16.O-O-O Qf6 17.g3 Nh5 18.g4 Nf4 19.Rdf1 g5 20.h4 h6 21.Rf2 Qg7 22.hxg5 hxg5
23.Rfh2 f6 24.Ne2 Rf7 25.Nxf4 gxf4 26.Qg1  1-0

[Event "Groningen op"]
[Site "Groningen"]
[Date "1997.??.??"]
[Round "8"]
[White "Krakops, Maris"]
[Black "Shaw, John"]
[Result "1/2-1/2"]
[WhiteElo "2530"]
[BlackElo "2390"]

1.e4 c5 2.Nf3 Nc6 3.Bb5 g6 4.Bxc6 bxc6 5.O-O Bg7 6.Re1 Nh6 7.c3 O-O 8.d4 cxd4
9.cxd4 d5 10.e5 f6 11.exf6 exf6 12.Nc3 Bg4 13.h3 Bxf3 14.Qxf3 Nf5 15.Rd1 Qb6
16.Qd3 Rfe8 17.b3 Re6 18.Bf4 Rae8 19.Rac1 Bf8 20.g4 Ng7 21.Na4 Qb4 22.Bd2 Qb8
23.Re1 Rxe1+ 24.Rxe1 Rxe1+ 25.Bxe1 Ne6 26.Bd2 Qb5 27.Qe3 Kf7 28.Nb2 Qa6 29.Na4 Qb5
30.Nb2 Bb4 31.Nd3 Bxd2 32.Qxd2 Qb6 33.Nc5 Nxc5 34.dxc5 Qxc5 35.Qh6 Kg8 36.Qf4 Qe7
37.Kf1 c5 38.Qa4 Kg7 39.Qc6 d4 40.Qd5 Qe5 41.Qf3 a5 42.h4 f5 43.g5 Qe7 44.Qd5 h6
45.a3 hxg5 46.hxg5 Qxg5 47.Qxc5 Qd8 48.Ke2 Qe8+ 49.Kd2 Qe4 50.Qxa5 Qf4+ 51.Ke2 Qe4+
52.Kd2 Qf4+ 53.Ke2 Qe4+  1/2-1/2

[Event "Perenyi  Memorial"]
[Site "Gyula"]
[Date "1997.??.??"]
[Round "13"]
[White "Grund, Holger"]
[Black "Anka, Emil"]
[Result "0-1"]
[WhiteElo "2360"]
[BlackElo "2450"]

1.e4 c5 2.Nf3 Nc6 3.Bb5 g6 4.O-O Bg7 5.Re1 Nf6 6.e5 Nd5 7.Nc3 Nc7 8.Bxc6 dxc6
9.h3 Ne6 10.b3 b6 11.Bb2 a5 12.a4 O-O 13.d3 Ra7 14.Ne4 f5 15.exf6 exf6 16.Ned2 Nf4
17.Nc4 g5 18.Nh2 b5 19.Nd2 f5 20.Bxg7 Rxg7 21.Ndf1 g4 22.hxg4 fxg4 23.Qd2 Qd4
24.Qe3 Qd5 25.Qe4 Qg5 26.Qe5 Qg6 27.Qxc5 Be6 28.Qxc6 Qf7 29.c4 Bd5 30.cxd5 Nh3+
31.gxh3 gxh3+ 32.Kh1 Rg1+  0-1

[Event "Wichern op"]
[Site "Hamburg"]
[Date "1997.??.??"]
[Round "8"]
[White "Meier, Volker"]
[Black "Mednis, Edmar John"]
[Result "1/2-1/2"]
[WhiteElo "2285"]
[BlackElo "2405"]

1.e4 c5 2.Nf3 Nc6 3.Bb5 g6 4.O-O Bg7 5.c3 Nf6 6.Re1 O-O 7.h3 e5 8.d4 cxd4
9.cxd4 exd4 10.e5 Nd5 11.Bg5 Qc7 12.Qb3 Nb6 13.Nbd2 d5 14.exd6 Qxd6 15.Ne4 Qd5
16.Bxc6 Qxc6 17.Be7 Be6 18.Qd1 Rfe8 19.Nxd4 Qa4 20.Nxe6 Qxd1 21.Raxd1 Rxe7
22.Nxg7 Kxg7 23.Nd6 Rxe1+ 24.Rxe1 Rd8 25.Nxb7 Rd2  1/2-1/2

[Event "Hanham op"]
[Site "Hanham"]
[Date "1997.??.??"]
[Round "3"]
[White "Ansell, Simon"]
[Black "Haydon, Richard"]
[Result "1-0"]
[WhiteElo "2390"]
[BlackElo "2220"]

1.e4 c5 2.Nf3 Nc6 3.Bb5 g6 4.O-O Bg7 5.Bxc6 dxc6 6.h3 e5 7.d3 Qe7 8.b4 cxb4
9.a3 b3 10.Bb2 bxc2 11.Qxc2 Nh6 12.a4 f6 13.d4 Nf7 14.Ba3 Qc7 15.Nc3 Bf8
16.dxe5 fxe5 17.Nd5 Qd8 18.Bxf8 Kxf8 19.Ne3 Qf6 20.Qb2 Kg7 21.Nc4 Re8 22.Ra3 b6
23.Rd1 Ba6 24.Ne3 h5 25.a5 Bb5 26.Rd7 Qe6 27.Rb7 Ba6 28.Ng5 Bxb7 29.Nxe6+ Rxe6
30.axb6 axb6 31.Rxa8 Bxa8 32.Qxb6 Re7 33.Qc5 Kf6 34.Nc4 Bb7 35.Na5 Bc8 36.Qxc6+ Be6
37.Nb7 Rd7 38.Nc5 Rd1+ 39.Kh2 Nd6 40.Nd7+ Bxd7 41.Qxd7 Rd4 42.Qd8+ Ke6 43.Qg8+ Kf6
44.Qh8+ Ke6 45.f3  1-0

[Event "SWE-ch qualA"]
[Site "Haninge"]
[Date "1997.??.??"]
[Round "2"]
[White "Sundell, Bo"]
[Black "Madebrink, Lars"]
[Result "1/2-1/2"]
[WhiteElo "2195"]
[BlackElo "2265"]

1.e4 c5 2.Nf3 Nc6 3.Bb5 d6 4.O-O Bd7 5.c4 Nf6 6.Qe2 e6 7.Bxc6 Bxc6 8.Nc3 Be7
9.d4 cxd4 10.Nxd4 Rc8 11.Nxc6 Rxc6 12.Rd1 Qa5 13.a3 a6 14.Bf4 Qh5 15.Qd3 O-O
16.b3 Ng4 17.Qe2 b5 18.Na2 bxc4 19.Nb4 Rcc8 20.bxc4 a5 21.Nc2 Rfd8 22.Ne3 Nf6
23.Qxh5 Nxh5 24.Bg3 g5 25.f3 Nf4 26.Be1 Bf6 27.Rab1 Bd4 28.Kf2 Bxe3+ 29.Kxe3 Nxg2+
30.Kd4 Rc5 31.Rb5 Rdc8 32.Rxc5 Rxc5 33.Bg3 Nf4 34.Bxf4 gxf4 35.Rb1 Rh5 36.Rb6 Rxh2
37.Rxd6 Kf8 38.Ke5 Ke7 39.Ra6 Rh5+ 40.Kxf4 Rc5 41.Ke3  1/2-1/2

[Event "SWE-ch qualA"]
[Site "Haninge"]
[Date "1997.??.??"]
[Round "11"]
[White "Sundell, Bo"]
[Black "Nilsson, Mattias"]
[Result "1-0"]
[WhiteElo "2195"]
[BlackElo "2230"]

1.e4 c5 2.Nf3 Nc6 3.Bb5 g6 4.O-O Bg7 5.c3 d6 6.d4 cxd4 7.cxd4 Bd7 8.Re1 Nf6
9.Nc3 O-O 10.h3 a6 11.Ba4 b5 12.Bb3 Na5 13.e5 Ne8 14.e6 Bxe6 15.Bxe6 fxe6
16.Ng5 Nc7 17.Nxe6 Nxe6 18.Rxe6 Nc6 19.Nd5 Rf5 20.Ne3 Nxd4 21.Nxf5 Nxe6 22.Qd5 gxf5
23.Qxe6+ Kh8 24.Bg5 Bf8 25.Re1 Qc8 26.Qf7 Qc4 27.Qxf5 Qc5 28.Qf3 d5 29.Qf7 Qd4
30.Rxe7 Bg7 31.Re8+  1-0

[Event "Helsinki We HSK op"]
[Site "Helsinki"]
[Date "1997.??.??"]
[Round "1"]
[White "Kilpela, Panu"]
[Black "Innala, Heikki Pekka"]
[Result "1/2-1/2"]
[WhiteElo "2220"]
[BlackElo "2310"]

1.e4 c5 2.Nf3 Nc6 3.Bb5 Nf6 4.Bxc6 dxc6 5.Nc3 g6 6.h3 Bg7 7.d3 O-O 8.Be3 b6
9.Qd2 a5 10.Bh6 a4 11.Bxg7 Kxg7 12.Ne5 a3 13.b3 b5 14.Qe3 Qd4 15.Qxd4 cxd4
16.Ne2 c5 17.b4 Nd7 18.Nxd7 Bxd7 19.bxc5 e5 20.f4 f6 21.fxe5 fxe5 22.Nc1 Rf6
23.Rf1 Rc6 24.Nb3 Be6 25.Rc1 Rac8 26.Kd2 b4 27.Rb1 Bxb3 28.Rxb3 Rxc5 29.Rc1 Rf8
30.Ke2 Rc6 31.Rbb1 h5 32.g3 h4 33.g4 Kh6 34.Rxb4 Rcf6 35.g5+ Kxg5 36.Rg1+ Kh6
37.Rg2 Rf3 38.Rb6 Rg3 39.Rh2 Re3+ 40.Kd2 Rf1 41.Rb3 Ra1 42.Rxa3 Ree1 43.c4 dxc3+
44.Kxc3 Rac1+  1/2-1/2

[Event "Helsinki We G"]
[Site "Helsinki"]
[Date "1997.??.??"]
[Round "1"]
[White "Haapasalo, Jukka Pekka"]
[Black "Kochyev, Alexander"]
[Result "0-1"]
[WhiteElo "2175"]
[BlackElo "2435"]

1.e4 c5 2.Nf3 Nc6 3.Bb5 Nf6 4.e5 Nd5 5.Nc3 Nc7 6.Bxc6 dxc6 7.O-O Bg4 8.h3 Bh5
9.Ne4 e6 10.d3 Be7 11.Ng3 Bg6 12.Qe2 O-O 13.a4 b5 14.b3 Nd5 15.Bb2 a5 16.Rfd1 bxa4
17.Rxa4 Nb6 18.Ra2 a4 19.bxa4 Nxa4 20.Rda1 Rb8 21.Rxa4 Rxb2 22.Qd2 Qb8 23.Kh2 Rb4
24.Qc3 c4 25.dxc4 Rxa4 26.Rxa4 Bc5 27.Qd2 Qb6 28.Nh1 Qb2 29.Ra6 Bb4 30.Qe3 c5
31.Ng3 Qxc2 32.Qf4 Bd3 33.Nh5 Qxc4 34.Qg5 Bg6 35.Rd6 h6 36.Qg4 Qxg4 37.hxg4 Rc8
38.Nf4 c4 39.Rd4  0-1

[Event "FIN-ch"]
[Site "Helsinki"]
[Date "1997.??.??"]
[Round "1"]
[White "Kokkila, Tero"]
[Black "Innala, Heikki Pekka"]
[Result "1-0"]
[WhiteElo "2285"]
[BlackElo "2310"]

1.e4 c5 2.Nf3 Nc6 3.Bb5 Nf6 4.Nc3 g6 5.O-O Bg7 6.Re1 O-O 7.e5 Ng4 8.Bxc6 dxc6
9.d3 b6 10.Bf4 Nh6 11.a4 a5 12.Ne4 Nf5 13.c3 f6 14.h3 Kh8 15.Qd2 g5 16.Bh2 Ra7
17.Rad1 Qd5 18.g4 Nh6 19.c4 Qg8 20.exf6 exf6 21.Nd6 Ba6 22.b3 Rd7 23.d4 cxd4
24.Nxd4 c5 25.Ne6 Ra8 26.Qe3 Bb7 27.Nxb7 Rxb7 28.Qe4 Re7 29.Bd6 Ree8 30.Bc7 Nf7
31.Bxb6 Rab8 32.Bxc5 Rxb3 33.Rd7 Ne5 34.Rxg7 Qxg7 35.Nxg7 Nf3+ 36.Kh1 Rxe4
37.Rxe4 Kxg7 38.Be3 h5 39.Re7+ Kg6 40.gxh5+ Kxh5 41.Rh7+ Kg6 42.Ra7 f5 43.Ra6+ Kf7
44.Kg2 Nh4+ 45.Kf1 f4 46.Bd2 Nf3 47.Bxa5 Nd4 48.Kg2 Nf5 49.Bd8 Nh4+ 50.Kf1 f3
51.Kg1 Nf5 52.Rf6+ Ke8 53.Rxf5 Kxd8 54.Kh2 Rc3 55.Rxg5 Rxc4 56.a5 Ra4 57.Kg3 Ra3
58.h4 Ke7 59.h5 Kf6 60.Rb5 Kg7 61.Kg4 Kh6 62.Rb6+ Kh7 63.a6 Ra4+ 64.Kxf3 Ra5
65.Kg4 Ra2 66.f4 Rg2+ 67.Kf5 Ra2 68.Ke6  1-0

[Event "Helsinki We SKF op"]
[Site "Helsinki"]
[Date "1997.??.??"]
[Round "2"]
[White "Kiik, Kalle"]
[Black "Hartikainen, Markku"]
[Result "1-0"]
[WhiteElo "2380"]
[BlackElo "2255"]

1.e4 c5 2.Nf3 Nc6 3.Bb5 e6 4.O-O Nge7 5.Nc3 Qb6 6.Re1 Nd4 7.a4 a6 8.Bc4 Nec6
9.Nxd4 Nxd4 10.a5 Qc7 11.Na4 Qxa5 12.b4 cxb4 13.Bb2 Qc7 14.Bxd4 Qxc4 15.c3 bxc3
16.Bxc3 Qc7 17.Rc1 Qd8 18.Bd4 b5 19.Nb6 Rb8 20.Nd5 d6 21.Nc7+ Kd7 22.Qf3 Qe7
23.Nd5 exd5 24.exd5  1-0

[Event "EUCup Gr6"]
[Site "Heraklio"]
[Date "1997.??.??"]
[Round "2"]
[White "Wells, Peter K"]
[Black "Porfiriadis, Sotirios"]
[Result "1-0"]
[WhiteElo "2530"]
[BlackElo "2340"]

1.e4 c5 2.Nf3 Nc6 3.Bb5 d6 4.O-O Bd7 5.Re1 a6 6.Bf1 Bg4 7.d3 g6 8.Nbd2 Bg7
9.h3 Bxf3 10.Nxf3 Nf6 11.c3 O-O 12.d4 e5 13.dxe5 dxe5 14.Qc2 Qe7 15.Be3 Rfd8
16.Nd2 Rac8 17.Qb1 Nd7 18.Rd1 Nb6 19.a4 Na8 20.Nb3 Rxd1 21.Qxd1 Nb8 22.Qg4 Rc7
23.Rd1 h5 24.Qf3 Nd7 25.a5 Rc6 26.Bc4 Nf6 27.g4 hxg4 28.hxg4 Nc7 29.g5 Nfe8
30.Nxc5 Rxc5 31.Bxc5  1-0

[Event "EUCup Gr6"]
[Site "Heraklio"]
[Date "1997.??.??"]
[Round "3"]
[White "Georgiev, Krum"]
[Black "Krasenkow, Michal"]
[Result "0-1"]
[WhiteElo "2530"]
[BlackElo "2645"]

1.e4 c5 2.Nf3 Nc6 3.Bb5 e6 4.b3 Nge7 5.Bb2 Ng6 6.h4 h5 7.g3 d5 8.O-O dxe4
9.Ng5 Be7 10.Nxe4 f5 11.Nec3 Bd7 12.Be2 Bxh4 13.Na4 Qg5 14.Kh2 Nce5 15.Nxc5 f4  0-1

[Event "HUN-chT2 9798"]
[Site "HUN"]
[Date "1997.??.??"]
[Round "?"]
[White "Schepp, Zoltan"]
[Black "Centgraf, Jozsef"]
[Result "1/2-1/2"]
[WhiteElo "2220"]
[BlackElo "2230"]

1.e4 c5 2.Nf3 Nc6 3.Bb5 Na5 4.O-O a6 5.Be2 d6 6.d4 cxd4 7.Nxd4 Nf6 8.Nc3 e6
9.f4 Qc7 10.Bf3 Be7 11.Qd3 O-O 12.b3 Nc6 13.Nxc6 bxc6 14.Bb2 d5 15.e5 Nd7
16.Na4 a5 17.c4 Ba6 18.Rfd1 Nb6 19.Nxb6 Qxb6+ 20.Bd4 c5 21.Bc3 Rfd8 22.Qe2 Bb7
23.Rab1 d4 24.Be1 Bxf3 25.Qxf3 g6 26.Qe4 Rdb8 27.g4 Qb7 28.Qxb7 Rxb7 29.a4 f6
30.h4 fxe5 31.fxe5 Bd8 32.Bg3 Rab8 33.Rd3 Rb4 34.Rf3 Be7 35.Be1 Rxa4 36.Bd2 Ra2
37.Bh6 Bf8 38.Bg5 a4 39.h5 axb3 40.Rbxb3 Ra1+ 41.Kf2 Rxb3 42.Rxb3 h6 43.Bf6 gxh5
44.Rb8 Ra7 45.gxh5 Kf7 46.Rc8 Rd7 47.Ke2 Ra7 48.Kd2  1/2-1/2

[Event "HUN-chT2 9798"]
[Site "HUN"]
[Date "1997.??.??"]
[Round "?"]
[White "Mullner, Imre"]
[Black "Amrein, Roland"]
[Result "1-0"]
[WhiteElo "2210"]
[BlackElo "2245"]

1.e4 c5 2.Nf3 Nc6 3.Bb5 g6 4.O-O Bg7 5.c3 Nf6 6.Re1 O-O 7.d4 d5 8.exd5 Qxd5
9.c4 Qd6 10.d5 Nb8 11.Nc3 Bf5 12.Nh4 Ng4 13.g3 Bd4 14.Be3 Bxe3 15.fxe3 Ne5
16.Nxf5 gxf5 17.e4 a6 18.Ba4 Nxc4 19.exf5 Nxb2 20.Qg4+ Kh8 21.Qh4 Nxa4 22.Nxa4 b5
23.Nc3 Re8 24.Ne4 Qe5 25.Nf6 exf6 26.Rxe5 fxe5 27.Qf6+ Kg8 28.Qg5+ Kh8 29.f6  1-0

[Event "HUN-chT2 9798"]
[Site "HUN"]
[Date "1997.??.??"]
[Round "?"]
[White "Donka, Peter"]
[Black "Demeter, Istvan"]
[Result "1-0"]
[WhiteElo "2250"]
[BlackElo "2265"]

1.e4 c5 2.Nf3 Nc6 3.Bb5 g6 4.Bxc6 bxc6 5.O-O Nf6 6.Nc3 Bg7 7.e5 Ng4 8.Re1 O-O
9.h3 Nh6 10.d3 Nf5 11.Bf4 Nd4 12.Ne4 Ne6 13.Bg3 a5 14.a4 Bh6 15.h4 Qb6 16.b3 Nd4
17.Nfg5 f6 18.exf6 exf6 19.Bd6 fxg5 20.Bxc5 Qd8 21.Bxd4 d5 22.Nxg5 Bxg5 23.hxg5 Qxg5
24.Qc1 Qh4 25.Qe3 Bd7 26.Qe5 Qh6 27.Qc7 Rf7 28.Qe5 Rf5 29.Qh8+ Kf7 30.Qxa8 Rh5
31.Kf1 Rh1+ 32.Ke2 Bg4+ 33.f3 Bxf3+ 34.gxf3 Rh2+ 35.Bf2  1-0

[Event "HUN-chT 9798"]
[Site "Hungary"]
[Date "1997.??.??"]
[Round "?"]
[White "Horvath, Adam"]
[Black "Dely, Peter"]
[Result "1-0"]
[WhiteElo "2275"]
[BlackElo "2410"]

1.e4 c5 2.Nf3 Nc6 3.Bb5 e6 4.O-O Nge7 5.Nc3 Nd4 6.Nxd4 cxd4 7.Ne2 Qb6 8.Ba4 e5
9.d3 Nc6 10.f4 d6 11.Ng3 exf4 12.Bxf4 Be6 13.Kh1 Qxb2 14.Rb1 Qxa2 15.c4 O-O-O
16.Bxc6 bxc6 17.Ra1 Qb2 18.Rxa7 Rd7 19.Ra8+ Kb7 20.Qa4  1-0

[Event "HUN-chT 9798"]
[Site "Hungary"]
[Date "1997.??.??"]
[Round "?"]
[White "Lendvai, Noemi"]
[Black "Erdei, Andras"]
[Result "1-0"]
[WhiteElo "2115"]
[BlackElo "2210"]

1.e4 c5 2.Nf3 Nc6 3.Bb5 Qc7 4.O-O g6 5.Re1 Bg7 6.c3 d6 7.h3 Bd7 8.d4 a6 9.Bxc6 Bxc6
10.d5 Bd7 11.Bf4 f6 12.Qd2 g5 13.Bg3 h5 14.Na3 h4 15.Bh2 g4 16.hxg4 Bxg4
17.Qd3 Kf8 18.Nc2 h3 19.g3 e5 20.dxe6 Ne7 21.Nh4 Bxe6 22.Ne3 c4 23.Qe2 Qc6
24.Nc2 f5 25.Nb4 Qxe4 26.Qd1 Rxh4 27.Rxe4 Rxe4 28.f3 Re5 29.Qxd6 a5 30.Nc2 Re2
31.Nd4 Be5 32.Nxe6+ Kf7 33.Ng5+ Ke8 34.Qh6 Rd8 35.Qh5+ Kd7 36.Rd1+ Bd6 37.Qxh3 Kc7
38.Kh1 Rd7 39.Qh6 Kc6 40.Ne6 Rxb2  1-0

[Event "HUN-chT 9798"]
[Site "Hungary"]
[Date "1997.??.??"]
[Round "?"]
[White "Szuk, Balazs"]
[Black "Fogarasi, Tibor"]
[Result "1/2-1/2"]
[WhiteElo "2340"]
[BlackElo "2450"]

1.e4 c5 2.Nf3 Nc6 3.Bb5 d6 4.d4 cxd4 5.Nxd4 Bd7 6.Nc3 e6 7.O-O Nf6 8.f4 Nxd4
9.Bxd7+ Qxd7 10.Qxd4 Be7 11.f5 O-O 12.Bg5 Ng4 13.Bxe7 Qxe7 14.Rad1 Rfd8 15.fxe6 fxe6
16.h3 Ne5 17.Nb5 Nc6 18.Qc4 Rac8 19.c3 a6 20.Nd4 Nxd4 21.Qxd4 Qc7 22.Rf3 b5
23.Rfd3 Rd7 24.Kh1 Rcd8 25.a4 d5  1/2-1/2

[Event "HUN-chT 9798"]
[Site "Hungary"]
[Date "1997.??.??"]
[Round "?"]
[White "Ruck, Tamas"]
[Black "Horvath, Adam"]
[Result "0-1"]
[WhiteElo "2390"]
[BlackElo "2275"]

1.e4 c5 2.Nf3 Nc6 3.Bb5 e6 4.Bxc6 bxc6 5.O-O Ne7 6.c4 Ng6 7.d4 cxd4 8.Qxd4 c5
9.Qe3 Bb7 10.b3 Be7 11.Bb2 O-O 12.Nc3 Qc7 13.Rad1 a6 14.Rd2 Rad8 15.Rfd1 d6
16.Ne2 e5 17.Ng3 Nf4 18.Nf5 Ne6 19.Nxe7+ Qxe7 20.Re2 Qf6 21.Ree1 Rfe8 22.Nd2 h5
23.g3 Qg6 24.h4 f5 25.exf5 Qxf5 26.Ne4 Nd4 27.Bxd4 exd4 28.Nxd6 dxe3 29.Nxf5 Rxd1
30.Rxd1 e2 31.Re1 Bf3 32.Ne3 Re4 33.Kh2 Rd4 34.g4 Rd1 35.Nc2 hxg4 36.Kg3 Kf7
37.Kf4 Kf6 38.Ke3 Ke5 39.a3 a5 40.b4 cxb4 41.axb4 a4 42.h5 Be4 43.Kxe2 Rxe1+
44.Kxe1 Bxc2 45.Kd2 Kd4 46.Kxc2 Kxc4  0-1

[Event "HUN-chT 9798"]
[Site "Hungary"]
[Date "1997.??.??"]
[Round "?"]
[White "Ozsvath, Andras"]
[Black "Wells, Peter K"]
[Result "0-1"]
[WhiteElo "2310"]
[BlackElo "2495"]

1.e4 c5 2.Nf3 Nc6 3.Bb5 g6 4.O-O Bg7 5.Re1 Nf6 6.Nc3 O-O 7.e5 Ne8 8.Bxc6 dxc6
9.Ne4 b6 10.h3 Nc7 11.d3 Ne6 12.Neg5 h6 13.Nxe6 Bxe6 14.Qe2 Qd7 15.Qe4 Bd5
16.Qe3 Rad8 17.Nh2 c4 18.dxc4 Bxc4 19.Qg3 Be6 20.Nf3 c5 21.Qh4 g5 22.Qg3 f5
23.Bxg5 hxg5 24.Nxg5 f4 25.Qh4 Bf5 26.e6 Qd4 27.Nf7 Rde8 28.Rad1 Qxb2 29.Rd5 Bg6
30.Ne5 Qc3 31.Nf3 Rf5 32.Rxf5 Bxf5 33.Qh5 Rf8 34.Rd1 Qf6 35.Rd7 Qxe6 36.Rxa7 Qg6
37.Qh4 e5 38.Qe7 Qf7 39.Ng5 Qxe7 40.Rxe7 Bf6  0-1

[Event "ISL-chT"]
[Site "Iceland"]
[Date "1997.??.??"]
[Round "?"]
[White "Vidarsson, Jon G"]
[Black "Thorhallsson, Throstur"]
[Result "1/2-1/2"]
[WhiteElo "2360"]
[BlackElo "2500"]

1.e4 c5 2.Nf3 Nc6 3.Bb5 g6 4.O-O Bg7 5.Re1 e5 6.Bxc6 dxc6 7.d3 Ne7 8.a3 a5
9.Nbd2 O-O 10.Nc4 Qc7 11.Be3 b6 12.b4 axb4 13.axb4 Rxa1 14.Qxa1 b5 15.Qa5 Qxa5
16.Nxa5 cxb4  1/2-1/2

[Event "ISR-chT"]
[Site "Israel"]
[Date "1997.??.??"]
[Round "2"]
[White "Kosashvili, Yona"]
[Black "Bleiman, Yaacov"]
[Result "1-0"]
[WhiteElo "2560"]
[BlackElo "2415"]

1.e4 c5 2.Nf3 Nc6 3.Bb5 g6 4.Bxc6 dxc6 5.d3 Bg7 6.h3 Nf6 7.a4 Qc7 8.Na3 O-O
9.Be3 b6 10.Qc1 Re8 11.Bh6 Bh8 12.Nc4 Be6 13.Ne3 Rad8 14.O-O Bc8 15.Nh2 b5
16.Nf3 a6 17.Ng5 Nh5 18.Nf3 Nf4 19.Re1 Ne6 20.axb5 cxb5 21.Nd5 Qd6 22.c4 Qb8
23.Re2 Bb7 24.Be3 Rc8 25.Rc2 b4 26.Ra5 b3 27.Re2 Nd4 28.Bxd4 cxd4 29.Qh6 Bg7
30.Qh4 Bxd5 31.exd5 Qb6 32.Ra1  1-0

[Event "SLO-ch int blind"]
[Site "Izola"]
[Date "1997.??.??"]
[Round "?"]
[White "Muri, Emil"]
[Black "Marendic, Vlatko"]
[Result "1/2-1/2"]
[WhiteElo "2080"]
[BlackElo "2195"]

1.e4 c5 2.Nf3 Nc6 3.Bb5 g6 4.c3 Bg7 5.d4 cxd4 6.cxd4 Nf6 7.Nc3 O-O 8.O-O a6
9.Bd3 d6 10.h3 b5 11.Re1 e6 12.Bg5 Qb6 13.Be3 d5 14.e5 Nd7 15.Rc1 Bb7 16.Bb1 Rac8
17.Qd2  1/2-1/2

[Event "SLO-ch int blind"]
[Site "Izola"]
[Date "1997.??.??"]
[Round "?"]
[White "Kopriva, Petr"]
[Black "Mlacnik, Ivan Janez"]
[Result "0-1"]
[WhiteElo "2030"]
[BlackElo "2025"]

1.e4 c5 2.Nf3 Nc6 3.Bb5 e6 4.O-O Nge7 5.Re1 a6 6.Bf1 Ng6 7.d4 cxd4 8.Nxd4 Be7
9.Nc3 Qc7 10.g3 O-O 11.Bg2 b6 12.Be3 Bb7 13.Qe2 Nce5 14.Rad1 Nc4 15.Bc1 Bb4
16.Rf1 Nxb2 17.Bxb2 Bxc3 18.Ba3 Rfd8 19.f4 d5 20.e5 Rac8 21.Rf2 Qc4 22.Qxc4 Rxc4
23.Nb3 Rdc8 24.Bd6 Bb4 25.Bf1 Re4 26.Bd3 Re1+ 27.Rxe1 Bxe1 28.Re2 Bc3 29.h4 Nf8
30.Kg2 Nd7 31.g4 Nb8 32.Kg3 Nc6 33.Nc5 bxc5  0-1

[Event "World Cities"]
[Site "Jakarta "]
[Date "1997.??.??"]
[Round "7"]
[White "Bancod, Ronald"]
[Black "Tu Hoang Thong"]
[Result "0-1"]
[WhiteElo "2405"]
[BlackElo "2475"]

1.e4 c5 2.Nf3 Nc6 3.Bb5 e6 4.O-O Nge7 5.Nc3 a6 6.Bxc6 Nxc6 7.d4 cxd4 8.Nxd4 Be7
9.Nxc6 bxc6 10.Qg4 O-O 11.Bh6 Bf6 12.Rfe1 e5 13.Qg3 Kh8 14.Be3 Rb8 15.Bc5 d6
16.Rad1 Be7 17.Ba3 Be6 18.b3 Qc7 19.Rd2 Rbd8 20.Red1 f5 21.h3 f4 22.Qf3 Rf6
23.Na4 g5 24.c4 Rg6 25.c5 g4 26.Qc3 d5 27.exd5 cxd5 28.hxg4 d4 29.Qd3 Bxg4
30.Re1 Qc6 31.Kf1 Rh6 32.Kg1 Rg8 33.Re4 Bf5 34.Rde2 Rxg2+  0-1

[Event "Juvenil op"]
[Site "?"]
[Date "1997.??.??"]
[Round "2"]
[White "Villafane Roca, Hugo"]
[Black "Oussama, Omar"]
[Result "1-0"]
[WhiteElo "2215"]
[BlackElo "2175"]

1.e4 c5 2.Nf3 Nc6 3.Bb5 g6 4.Bxc6 dxc6 5.h3 Bg7 6.d3 e5 7.Nc3 f6 8.Be3 b6
9.Qd2 Be6 10.Nh2 Qd7 11.a4 f5 12.exf5 gxf5 13.f4 exf4 14.Bxf4 Ne7 15.Nf3 Ng6
16.Be3 O-O 17.O-O-O Kh8 18.Bh6 c4 19.Bxg7+ Qxg7 20.dxc4 Bxc4 21.Qd4 Bg8 22.Qxg7+ Kxg7
23.Rd7+ Kh8 24.Rhd1 Rf7 25.Rxf7 Bxf7 26.Rd7 Be8 27.Rd6 Nf4 28.Nh4 c5 29.Kd2 Bh5
30.Ke3 Ne2 31.Nxe2 Re8+ 32.Kf4 Rxe2 33.Kxf5 Rxc2 34.g4 Bf7 35.Kg5 Kg7 36.Nf5+ Kf8
37.Rf6 Re2 38.Nh6 Re7 39.Rxf7+ Rxf7 40.Nxf7 Kxf7 41.Kf5 h6 42.h4 Ke7 43.Kg6 h5
44.Kxh5 a6 45.Kg6 b5 46.axb5 axb5  1-0

[Event "Juvenil op"]
[Site "?"]
[Date "1997.??.??"]
[Round "4"]
[White "Villafane Roca, Hugo"]
[Black "Castany, LL."]
[Result "1/2-1/2"]
[WhiteElo "2215"]
[BlackElo "2140"]

1.e4 c5 2.Nf3 Nc6 3.Bb5 g6 4.Bxc6 dxc6 5.d3 Bg7 6.h3 e5 7.Be3 b6 8.a4 a5
9.Na3 f6 10.Qd2 Be6 11.O-O-O Qc7 12.Nh2 O-O-O 13.Qe2 Nh6 14.Rhf1 f5 15.f4 Rhf8
16.fxe5 Kb7 17.Nf3 Nf7 18.exf5 gxf5 19.Bf4 Rfe8 20.Rde1 Qd7 21.Nc4 Bd5 22.Qf2 Bxc4
23.dxc4 Qe6 24.b3 h6 25.Re3 Rd7 26.Rfe1 Red8 27.Qe2 Bf8 28.Rd3 Kc8 29.Qe3 Be7
30.Rxd7 Rxd7 31.Rd1 Rxd1+ 32.Kxd1 Kb7 33.h4 Kc8 34.Qd2 Bd8 35.Ke1 Bc7 36.Qe3 Bd8
37.Kf2 Kd7 38.g3 Bc7 39.Ne1 Bd8 40.Nd3 Bc7 41.Qe2 Ke7 42.Kg2 Bb8 43.Kh3 Nd8
44.Bd2 f4+ 45.g4 f3 46.Qxf3 Bxe5 47.Nxe5 Qxe5 48.Bxh6 Ne6 49.Qe3 Qa1 50.Bg5+ Kd7
51.h5 Qf1+ 52.Kg3 Nd4 53.h6 Ne2+ 54.Kh4 Qh1+ 55.Qh3 Qe1+ 56.Kh5 Ng3+ 57.Kg6 Qe8+
58.Kg7 Ke6 59.Qxg3 Qf7+  1/2-1/2

[Event "Kastel Stari op"]
[Site "Kastel Stari"]
[Date "1997.??.??"]
[Round "1"]
[White "Puljek Salai, Zorica"]
[Black "Palac, Mladen"]
[Result "0-1"]
[WhiteElo "2200"]
[BlackElo "2595"]

1.e4 c5 2.Nf3 Nc6 3.Bb5 e6 4.O-O Nge7 5.Re1 Nd4 6.Bf1 Nec6 7.c3 Nxf3+ 8.Qxf3 Be7
9.Qg3 O-O 10.d4 cxd4 11.Bh6 Bf6 12.e5 Nxe5 13.Bxg7 Nf3+ 14.Qxf3 Bxg7 15.cxd4 Bxd4
16.Qg4+ Bg7 17.Nc3 d5 18.Rad1 Bd7 19.Re3 f5 20.Qb4 f4 21.Rh3 Qb6 22.Qe7 Rf7
23.Qg5 Qd8 24.Qh5 h6 25.Bd3 Qg5 26.Bh7+ Kf8 27.Qe2 Bxc3 28.Rxc3 Rxh7 29.Rc7 Rg7
30.f3 Bb5  0-1

[Event "Kiev"]
[Site "Kiev"]
[Date "1997.??.??"]
[Round "8"]
[White "Komliakov, Viktor"]
[Black "Yegiazarian, Arsen"]
[Result "1/2-1/2"]
[WhiteElo "2460"]
[BlackElo "2455"]

1.e4 c5 2.Nf3 Nc6 3.Bb5 Qb6 4.Nc3 e6 5.O-O Nd4 6.a4 Ne7 7.a5 Qc7 8.Nxd4 cxd4
9.Ne2 Qc5 10.Ba4 Nc6 11.Bxc6 bxc6 12.d3 d6 13.c3 dxc3 14.bxc3 Be7 15.c4 O-O
16.Qc2 Qh5 17.Be3  1/2-1/2

[Event "Kiev"]
[Site "Kiev"]
[Date "1997.??.??"]
[Round "12"]
[White "Komliakov, Viktor"]
[Black "Shishkin, Vadim"]
[Result "1/2-1/2"]
[WhiteElo "2460"]
[BlackElo "2425"]

1.e4 c5 2.Nf3 Nc6 3.Bb5 g6 4.Bxc6 bxc6 5.O-O Bg7 6.Re1 Nh6 7.c3 O-O 8.d4 cxd4
9.cxd4 f6 10.Qa4 Nf7 11.Nbd2 Qb6 12.Nc4 Qa6 13.Na5 Rb8 14.b4 Qb5 15.Qxb5 Rxb5
16.Bd2 Ng5 17.Nxg5 fxg5 18.e5 g4 19.a3 Rd5 20.Be3 Ba6 21.e6 Bxd4 22.Bxd4 Rxd4
23.Rad1 Rxd1 24.Rxd1 dxe6 25.Nxc6 Ra8 26.Nxe7+ Kf8 27.Nc6 Bb5 28.Nd4 Bd7
29.Rb1 Rc8 30.Nb3 Rc2 31.Nc5 Ke7 32.Nxd7 Kxd7 33.g3 Ra2 34.Rb3 e5 35.Rc3 Kd6
36.b5 Kd5 37.Rc7 Rxa3 38.Rxh7 Ke6  1/2-1/2

[Event "Klatovy op-A"]
[Site "Klatovy"]
[Date "1997.??.??"]
[Round "?"]
[White "Eret, Jaroslav"]
[Black "Blecha, Milan"]
[Result "1/2-1/2"]
[WhiteElo "2195"]
[BlackElo "1890"]

1.e4 c5 2.Nf3 Nc6 3.Bb5 Nf6 4.Nc3 d6 5.d4 cxd4 6.Qxd4 Bd7 7.Bxc6 Bxc6 8.Bg5 e5
9.Qd3 h6 10.Bxf6 Qxf6 11.Nd5 Qd8 12.O-O Bxd5 13.Qxd5 Qb6 14.c4 Be7 15.a4 O-O
16.a5 Qc7 17.a6 b6 18.Qb7 Rfc8 19.b3 g6 20.Rfd1 Rab8 21.Qxc7 Rxc7 22.Rd5 f5
23.Nd2 f4 24.Nb1 b5 25.Nc3 bxc4 26.Nb5 Rc6 27.Nxa7 Rcb6 28.Nb5 cxb3 29.a7 Ra8
30.Kf1 b2 31.Rb1 Rb7 32.Rxb2 Raxa7 33.Rc2 Ra6 34.Rcd2 Rbb6 35.Nc7 Ra1+ 36.Ke2 Rb4
37.f3 Rb6 38.Nb5 Raa6 39.Nc7 Ra3 40.Nb5 Raa6 41.Nc7 Ra7 42.Nb5 Ra5 43.Nc7  1/2-1/2

[Event "Klatovy op-A"]
[Site "Klatovy"]
[Date "1997.??.??"]
[Round "?"]
[White "Cisler, Petr"]
[Black "Schauer, Jiri"]
[Result "1-0"]
[WhiteElo "2165"]
[BlackElo "1950"]

1.e4 c5 2.Nf3 Nc6 3.Bb5 a6 4.Bxc6 bxc6 5.O-O d6 6.h3 e5 7.a4 f5 8.d3 Nf6
9.Re1 Be7 10.Nbd2 f4 11.c3 g5 12.d4 cxd4 13.cxd4 g4 14.dxe5 dxe5 15.Nxe5 gxh3
16.Qb3 Rf8 17.Ndf3 Ng4 18.Nxc6 Qd6 19.Nxe7 Qxe7 20.Qd5 Qb7 21.Re2 Rf6 22.Qh5+ Kf8
23.b3 Be6 24.Ng5 h2+ 25.Kh1 Qd7 26.Nxh7+ Kg7 27.Bb2 Rd8 28.Nxf6 Qd1+ 29.Re1 Nxf2+
30.Kxh2 Qd3 31.Nd7+  1-0